Vista normal
Vista MARC
Entrada Personal Name
Número de registros utilizados en: 1
001 - CONTROL NUMBER
- control field: 10242
003 - CONTROL NUMBER IDENTIFIER
- control field: OSt
005 - DATE AND TIME OF LATEST TRANSACTION
- control field: 20200915145142.0
008 - FIXED-LENGTH DATA ELEMENTS
- fixed length control field: 200915|| aca||aabn | a|a d
040 ## - CATALOGING SOURCE
- Original cataloging agency: OSt
- Transcribing agency: OSt
100 ## - HEADING--PERSONAL NAME
- Personal name: Bernárdez, Aurora
670 ## - SOURCE DATA FOUND
- Source citation: Work cat.: (OSt)4186: Calvino, Italo, 1923-1985 10240, El castillo de los destinos cruzados / , 2001